000 00720nam a2200229 a 4500
005 20210223123754.0
008 991125n 000 0 spa u
035 _aUPN01000062215
100 1 _aMartínez González, Adrián
_929161
222 0 _aREVISTA DE LA EDUCACION SUPERIOR
245 0 3 _aLa avalancha diagnóstica como mecanismo para estimar el éxito o fracaso en la Licenciatura de Medico Cirujano
300 _a5-20
362 0 _a1999 Vol.28(2) No.110
653 0 _aEXITO PROFESIONAL
653 0 _aFRACASO PROFESIONAL
653 0 _aMEDICOS
653 0 _aFORMACION PROFESIONAL
700 1 _aGil Miguel, A.,
_ecoaut.
700 1 _aRey Calero, J.,
_ecoaut.
904 _aAC
_b000026
905 _aArticulo
999 _c61573
_d61573